000 00404cam a22001217a 4500
008 180718b1960 xxu||||| |||| 00| 0 eng d
020 _a11 320344 6
082 _aO1300x42 Un3 4
245 _aOrganisation and management of domestic work in hospitals
_cBy Her majesty's stationery office
260 _aLondon
_bHer majesty's stationery office
_c1960
300 _a29p
650 _aOrganisation and management
999 _c410772
_d410772